Persian painting of the fifteenth century / (Record no. 77189)
[ view plain ]
| 000 -LEADER | |
|---|---|
| fixed length control field | 00884nam a2200289 a 4500 |
| 001 - CONTROL NUMBER | |
| control field | 77189 |
| 003 - CONTROL NUMBER IDENTIFIER | |
| rucl marc code | BD-RjUL |
| 005 - DATE AND TIME OF LATEST TRANSACTION | |
| control field | 20211209082936.0 |
| 008 - FIXED-LENGTH DATA ELEMENTS--GENERAL INFORMATION | |
| fixed length control field | 200301s1958 enka 000 0 eng |
| 035 ## - SYSTEM CONTROL NUMBER | |
| System control number | (BD-RjUL)77413 |
| System control number | (OCoLC)3453559 |
| 040 ## - CATALOGING SOURCE | |
| Original cataloging agency | DLC |
| Transcribing agency | TxDN |
| Modifying agency | Uk |
| -- | DLC |
| -- | BD-RjUL |
| Language of cataloging | eng |
| 041 ## - LANGUAGE CODE | |
| Language code of text/sound track or separate title | eng |
| 042 ## - AUTHENTICATION CODE | |
| Authentication code | premarc |
| 082 ## - DEWEY DECIMAL CLASSIFICATION NUMBER | |
| Edition number | 23 |
| Classification number | 759.955 |
| Author mark and year | PIP 1958 |
| 100 2# - MAIN ENTRY--PERSONAL NAME | |
| Personal name | Pinder-Wilson, Ralph H. |
| 9 (RLIN) | 240181 |
| 245 10 - TITLE STATEMENT | |
| Title | Persian painting of the fifteenth century / |
| Statement of responsibility, etc. | with an introd. and notes by R. H. Pinder-Wilson. |
| 260 ## - PUBLICATION, DISTRIBUTION, ETC. (IMPRINT) | |
| Place of publication, distribution, etc. | London : |
| Name of publisher, distributor, etc. | Faber and Faber, |
| Date of publication, distribution, etc. | [1958] |
| 300 ## - PHYSICAL DESCRIPTION | |
| Pagination | 24 p.: |
| Illustrations | illus.; |
| Size | 31 cm. |
| 490 0# - SERIES STATEMENT | |
| Series statement | The Faber gallery of oriental art |
| 650 #0 - SUBJECT ADDED ENTRY--TOPICAL TERM | |
| Topical term or geographic name as entry element | Miniature painting |
| Geographic subdivision | Iran. |
| 9 (RLIN) | 240182 |
| Topical term or geographic name as entry element | Miniature painting |
| General subdivision | Reproduction. |
| 9 (RLIN) | 240183 |
| 942 ## - ADDED ENTRY ELEMENTS (KOHA) | |
| Source of classification or shelving scheme | Dewey Decimal Classification |
| Koha item type | Books |
| Lost status | Source of classification or shelving scheme | Damaged status | Not for loan | Collection code | Permanent Location | Current Location | Shelving location | Date acquired | Source of acquisition | Cost, normal purchase price | Total Checkouts | Full call number | Date last seen | Copy number | Koha item type |
|---|---|---|---|---|---|---|---|---|---|---|---|---|---|---|---|
| Dewey Decimal Classification | Non-fiction | Central Library, University of Rajshahi | Central Library, University of Rajshahi | 13/01/1967 | M. Ashraf | 11.25 | 759.955 PIP 1958 | 01/03/2020 | C-2 | Books | |||||
| Dewey Decimal Classification | Non-fiction | Central Library, University of Rajshahi | Central Library, University of Rajshahi | 13/01/1967 | M. Ashraf | 11.25 | 759.955 PIP 1958 | 01/03/2020 | C-3 | Books | |||||
| Dewey Decimal Classification | Non-fiction | Central Library, University of Rajshahi | Central Library, University of Rajshahi | 25/03/1964 | Zeitlinger | 17.00 | 759.955 PIP 1958 | 01/03/2020 | C-4 | Books | |||||
| Dewey Decimal Classification | Not For Loan | Non-fiction | Central Library, University of Rajshahi | Central Library, University of Rajshahi | Reading Room | 09/12/2021 | Zeitlinger | 12.00 | 759.955 PIP 1958 | 01/03/2020 | C-1 | Books |